| 000 | 00562nam a2200181Ia 4500 | ||
|---|---|---|---|
| 999 |
_c53638 _d53638 |
||
| 003 | GCL | ||
| 005 | 20240530105147.0 | ||
| 008 | 140319s9999 xx 000 0 ara d | ||
| 040 |
_aGCL / _cGCL |
||
| 082 | 0 | 4 |
_a180 _bم ف |
| 100 | 1 | _aمحمد بيصار | |
| 245 | 1 | 0 |
_aالفلسفة اليوناينة : مقدمات ومذاهب / _cمحمد بيصار |
| 260 |
_a[S.N] : _bدار الكتاب اللبنانى ، _c1973 |
||
| 300 | _a67 | ||
| 650 | 0 | 4 | _aالفلسفة اليونانية |
| 650 | 0 | 4 | _aالفلسفة الاغريقية |
| 942 |
_2ddc _cBK |
||